000 00913nam a22002897a 4500
003 CHAP
005 20220817041914.0
008 971013s1984 r 00010 d
010 _a28306
011 _a29278
035 _a33389
040 _cCHAP
090 _aFolleto 8828
110 _aConsejo Nacional de Ciencia y Tecnología. México
245 _aSECOBI
_b: servicio de consulta a bancos de información
260 _aMéxico, D.F. :
_bEl Consejo,
_c(1984)
300 _aXIV p.
590 _aBATCH-UPD
_b10
_c20130110
_lUCH01
_h2101
590 _aBATCH-UPD
_b10
_c20130410
_lUCH01
_h1414
590 _aBATCH-UPD
_b10
_c20130914
_lUCH01
_h2022
590 _aCONVERSION
_b10
_c20130109
_lUCH01
_h1316
650 1 4 _aServicios de información.
_9105330
901 _aBK
942 _cFOLL
949 _aFolleto 8828
_bBC
_cB
_d-77673
_eB
_fc.2
_i33389
_si
949 _aFolleto 8828
_bBC
_cFOLL
_d-77672
_eTS1
_i33389
_si
999 _c28306
_d28306